000 00447nam a2200145Ia 4500
008 100122s9999 xx 000 0 und d
082 _b10776
_a613
100 _aकुकडे
245 _aआपले आरोग्य भाग - 2
260 _bधनंजय भिसे
_c1932
300 _a204
630 _aआपले आरोग्य भाग - 2
730 _aआपले आरोग्य भाग - 2
942 _cBOOK
999 _c402367
_d402364